000 00364nam a2200145Ia 4500
008 230711s9999||||xx |||||||||||||| ||und||
041 _aENG
082 _a510
_bSA-E
100 _aS. S. Sastry
245 0 _aEngineering Mathematics
250 _a1st Ed.
260 _c1986
_aNew Delhi
_bPrentice-Hall of India Private Limited
650 _aMathematics
942 _cBK
999 _c2063
_d2063